| 000 | 00845nam a2200217 a 4500 | ||
|---|---|---|---|
| 001 | 000322677 | ||
| 005 | 20250618072035.0 | ||
| 003 | AM-YEHGA | ||
| 008 | 040330s1895 enk 000 | arm d | ||
| 040 | _aAM-YeHGA | ||
| 041 | 1 |
_aarm _hita |
|
| 245 | 0 | 0 |
_aԳարիբալդի : _bԻր կեանքի պատմութիւնը : Համաձայն վաւերական վկայութիւնների եւ անտիպ յիշողութիւնների / _cԹարգմ. իտալ.՝ Հ. Խ. |
| 260 |
_aԼօնդօն : _bտպ. Հնչակի, _c1895. |
||
| 300 |
_aX, 177 էջ : _bդիմանկ. ; _c18 սմ. |
||
| 440 | 0 |
_aԺողովրդական գրադարան _vգրքոյկ 2 _95644 |
|
| 600 | 1 | 4 | _aԳարիբալդի, Յովսէփ |
| 650 | 1 | 4 |
_aՊատմություն _zԻտալիա |
| 700 | 0 |
_aՀ. Խ. _eթարգմ. _4trl |
|
| 942 |
_2udc _cBK |
||
| 090 | _c121403 | ||
| 999 |
_c120052 _d120052 |
||